Statistics for Football (Soccer) Trivia 2022

Click here to take the quiz!

General Stats

  • This quiz has been taken 439 times
  • The average score is 7 of 15

Answer Stats

QuestionAnswer% Correct
Who won the most world cups?Pele
93%
Who is the player to score 5 goals in 9 minutes?Robert Lewandowski
89%
Who is the soccer player that did a horrifying tackle on Alfie Haaland and ended his career after?Roy keane
81%
Who is the only goalkeeper to win a Ballon Dor?Lev Yashin
77%
Who is the soccer player that can bench press 180kgs 396lbs?Adebayo Akinfenwa
70%
The greatest soccer player in history according to FIFA?Pele
70%
Most clean sheets in premier league history?Petr Cech
46%
Who is the only soccer player to be in 3 world cup finals in a row?Ronaldo Nazário
38%
Who is the most capped soccer player?Peter Shilton
32%
Who is the heaviest soccer player in history?William Foulke
32%
Which player has the most UCL champion league medals?Francisco Gento
26%
Who scored the longest goal with their head?Jone Samuelsen
23%
Who is the oldest player to win the Ballon Dor?Stanley Matthews
22%
Who was the first soccer player to earn 100 caps for their country?Billy wright
13%
Who scored the most goals according to RSSSF?Lajos Tichy
4%

Score Distribution

Percentile by Number Answered

Percent of People with Each Score

Your Score History

You have not taken this quiz